Archivo de la Corona de Aragón : guía breve del investigador, con sujeción a la norma ISAD (g), publicada con motivo de la V Conferencia Internacional de Archivos / Pedro López Gómez guía breve del investigador, con sujeción a la norma ISAD (g), publicada con motivo de la V Conferencia Internacional de Archivos / Pedro López Gómez
MARC
| LEADER | 00000nam a2200000Ia 4500 | ||
|---|---|---|---|
| 001 | 11710 | ||
| 008 | 160829s9999 xx 000 0 cat d | ||
| 080 | |a FU-28-10 | ||
| 100 | |a López Gómez, Pedro |9 20961 | ||
| 245 | |a Archivo de la Corona de Aragón : |b guía breve del investigador, con sujeción a la norma ISAD (g), publicada con motivo de la V Conferencia Internacional de Archivos / Pedro López Gómez | ||
| 260 | |a [Madrid] : |b Ministerio de Educación y Cultura, [1997?] | ||
| 300 | |a 33 p. ; |c 30 cm | ||
| 590 | |a A la contracoberta: Arxiu de la Corona d'Aragó | ||
| 650 | |a Arxiu de la Corona d'Aragó |x Guies |9 25010 | ||
| 700 | |a Espanya. Ministerio de Educación y Cultura |9 25012 | ||
| 710 | 2 | |a Arxiu de la Corona d'Aragó |9 55371 | |
| 901 | |a Arxiu | ||
| 942 | |n 1 | ||
| 952 | |0 0 |1 0 |4 0 |6 FU2810 |7 1 |9 43411 |a Arxiu |b Arxiu |d 2016-12-01 |l 0 |o FU-28-10 |p 11710 |r 2016-12-01 00:00:00 |w 2016-12-01 |y ARXIU | ||
| 999 | |c 45957 |d 45957 | ||